| 000 | 00593nam a2200217Ia 4500 | ||
|---|---|---|---|
| 003 | OSt | ||
| 005 | 20230503105040.0 | ||
| 008 | 210423s2021 xx 000 0 und d | ||
| 020 | _a978-81-7482-527-8 | ||
| 040 | _cAL | ||
| 041 | _aeng | ||
| 082 |
_a500.02 _223 _bTOMU |
||
| 100 |
_aTOMAR (Surekha) _996648 |
||
| 245 | _aUpkars CSIR UGC NET JRF SET physical sciences | ||
| 260 |
_aAgra _bUpkar prakashan _c2021 |
||
| 300 |
_aviii,992 _bPB |
||
| 365 |
_b890 _cINR |
||
| 650 |
_aSciences _996649 |
||
| 906 | _aCSIR ; JRF ; NET ; physical ; sciences ; SET ; UGC ; Upkars | ||
| 942 |
_2ddc _cBK |
||
| 999 |
_c170837 _d170837 |
||